000
00317nam a2200109Ia 4500
008
171211s9999 xx 000 0 und d
245
_a
Chinnovation: How Chinese Innovators are Changing the World
245
_c
Ying Tan
260
_c
2011
650
_x
BUSINESS
856
_u
http://down.ebook777.com/063/0470827963.pdf
999
_c
349450
_d
349450